header

Voices of alcoholism (Record no. 39068)

MARC details
000 -LEADER
fixed length control field 01437nam a2200325 a 4500
245 00 - TITLE STATEMENT
Title Voices of alcoholism
260 ## - PUBLICATION, DISTRIBUTION, ETC. (IMPRINT)
Place of publication New York :
Name of publisher LaChance Pub.,
Year of publication c2008.
300 ## - PHYSICAL DESCRIPTION
Number of Pages xxv, 268 p.
490 1# - SERIES STATEMENT
Series statement "Voices of" series ;
505 0# - FORMATTED CONTENTS NOTE
Formatted contents note pt. 1. First taste -- pt. 2. Powerless -- pt. 3. Family -- pt. 4. I need help -- pt. 5. Learning to live -- pt. 6. Miracle.
650 #0 - SUBJECT ADDED ENTRY--TOPICAL TERM
Topical Term Alcoholics
Topical Term Alcoholics
Topical Term Alcoholics
856 40 - ELECTRONIC LOCATION AND ACCESS
Uniform Resource Identifier http://site.ebrary.com/lib/rucke/Doc?id=10229757

No items available.

© 2026 Rongo University
Contact us: librarian | system librarian | Rongo university